C. S. Lewis Books by Quote - Statistics

General Stats
  • This quiz has been taken 13 times
  • The average score is 7 of 15
Answer Stats
Quote Book % Correct
“It is very true. But even a traitor may mend. I have known one who did.” The Horse and His Boy
75%
“'Who said anything about safe? ‘Course he isn’t safe. But he’s good. He’s the King, I tell you.'” The Lion, the Witch, and the Wardrobe
75%
“I'm on Aslan's side even if there isn't any Aslan to lead it. I'm going to live as like a Narnian as I can even if there isn't any Narnia.” The Silver Chair
75%
“I have come home at last! This is my real country! I belong here. This is the land I have been looking for all my life, though I never knew it till now...Come further up, come further in!” The Last Battle
67%
“It is funny how mortals always picture us as putting things into their minds: in reality our best work is done by keeping things out.” The Screwtape Letters
58%
"But there I have another name. You must learn to know me by that name. This was the very reason why you were brought to Narnia, that by knowing me here for a little, you may know me better there.” The Voyage of the Dawn Treader
58%
“Things never happen the same way twice.” Prince Caspian
50%
“Now the trouble about trying to make yourself stupider than you really are is that you very often succeed.” The Magician's Nephew
42%
“If I find in myself desires which nothing in this world can satisfy, the only logical explanation is that I was made for another world.” Mere Christianity
33%
"You also shall be Psyche." Till We Have Faces
33%
“I am a product of long corridors, empty sunlit rooms, upstairs indoor silences, attics explored in solitude, distant noises of gurgling cisterns and pipes, and the noise of wind under the tiles. Also, of endless books.” Surprised by Joy
25%
“There are only two kinds of people in the end: those who say to God, 'Thy will be done,' and those to whom God says, in the end, 'Thy will be done.'” The Great Divorce
25%
“There comes a moment when people who have been dabbling in religion ('man's search for God'!) suddenly draw back. Supposing we really found Him? We never meant it to come to that! Worse still, supposing He had found us?” Miracles
17%
“They have pulled down deep heaven on their heads.” That Hideous Strength
17%
“We live, in fact, in a world starved for solitude, silence, and private: and therefore starved for meditation and true friendship.” The Weight of Glory
0%
No matching quizzes found
Score Distribution
Percent of People with Each Score
Percentile by Number Answered
Your Score History
You have not taken this quiz